Statistiques concernant Les Coupes du Mondes depuis 1930

Cliquez ici pour prendre le quiz!

Statistiques générales

  • Ce quiz a été pris 141 fois
  • Le résultat moyen est 429 sur 457

Statistiques - réponses

GroupParticipationRéponse% Correct
19301ère/17Argentine
99%
199010e/17Argentine
99%
199812e/17Argentine
99%
199411e/17Argentine
99%
19746e/17Argentine
99%
19624e/17Argentine
99%
201817e/17Argentine
99%
19342e/17Argentine
99%
200614e/17Argentine
99%
19665e/17Argentine
99%
200213e/17Argentine
99%
19787e/17Argentine
99%
201416e/17Argentine
99%
19583e/17Argentine
99%
19869e/17Argentine
99%
19828e/17Argentine
99%
201015e/17Argentine
99%
200618e/21Brésil
99%
19545e/21Brésil
99%
201420e/21Brésil
99%
19627e/21Brésil
99%
19383e/21Brésil
99%
201019e/21Brésil
99%
200217e/21Brésil
99%
19586e/21Brésil
99%
199816e/21Brésil
99%
19668e/21Brésil
99%
197410e/21Brésil
99%
198212e/21Brésil
99%
19301ère/21Brésil
99%
198613e/21Brésil
99%
197811e/21Brésil
99%
201821e/21Brésil
99%
199014e/21Brésil
99%
19342e/21Brésil
99%
199415e/21Brésil
99%
19709e/21Brésil
99%
19504e/21Brésil
99%
19585e/15France
99%
199810e/15France
99%
19787e/15France
99%
19869e/15France
99%
200612e/15France
99%
19544e/15France
99%
200211e/15France
99%
201013e/15France
99%
19666e/15France
99%
19828e/15France
99%
19342e/15France
99%
19301ère/15France
99%
201414e/15France
99%
201815e/15France
99%
19383e/15France
99%
19625e/18Italie
99%
19544e/18Italie
99%
19666e/18Italie
99%
19382e/18Italie
99%
19748e/18Italie
99%
199012e/18Italie
99%
19707e/18Italie
99%
200215e/18Italie
99%
200616e/18Italie
99%
198210e/18Italie
99%
199413e/18Italie
99%
199814e/18Italie
99%
198611e/18Italie
99%
19789e/18Italie
99%
19341ère/18Italie
99%
19503e/18Italie
99%
201017e/18Italie
99%
201418e/18Italie
99%
19341ère/19Allemagne
98%
201418e/19Allemagne
98%
199413e/19Allemagne
98%
19382e/19Allemagne
98%
200215e/19Allemagne
98%
201819e/19Allemagne
98%
199814e/19Allemagne
98%
201017e/19Allemagne
98%
200616e/19Allemagne
98%
19748e/19Allemagne de l'Ouest
98%
19625e/19Allemagne de l'Ouest
98%
198611e/19Allemagne de l'Ouest
98%
19707e/19Allemagne de l'Ouest
98%
19666e/19Allemagne de l'Ouest
98%
19584e/19Allemagne de l'Ouest
98%
199012e/19Allemagne de l'Ouest
98%
19543e/19Allemagne de l'Ouest
98%
198210e/19Allemagne de l'Ouest
98%
19789e/19Allemagne de l'Ouest
98%
19665e/15Angleterre
98%
200211e/15Angleterre
98%
200612e/15Angleterre
98%
199810e/15Angleterre
98%
19624e/15Angleterre
98%
201815e/15Angleterre
98%
19706e/15Angleterre
98%
19583e/15Angleterre
98%
19909e/15Angleterre
98%
201013e/15Angleterre
98%
19501ère/15Angleterre
98%
19542e/15Angleterre
98%
19868e/15Angleterre
98%
19827e/15Angleterre
98%
201414e/15Angleterre
98%
19502e/15Espagne
98%
19949e/15Espagne
98%
19341ère/15Espagne
98%
19908e/15Espagne
98%
201815e/15Espagne
98%
19785e/15Espagne
98%
19867e/15Espagne
98%
199810e/15Espagne
98%
19664e/15Espagne
98%
19623e/15Espagne
98%
201013e/15Espagne
98%
200612e/15Espagne
98%
201414e/15Espagne
98%
19826e/15Espagne
98%
200211e/15Espagne
98%
19986e/10Etats-Unis
98%
20109e/10Etats-Unis
98%
19301ère/10Etats-Unis
98%
20068e/10Etats-Unis
98%
201410e/10Etats-Unis
98%
19342e/10Etats-Unis
98%
20027e/10Etats-Unis
98%
19945e/10Etats-Unis
98%
19904e/10Etats-Unis
98%
19503e/10Etats-Unis
98%
19707e/16Mexique
98%
19584e/16Mexique
98%
19502e/16Mexique
98%
19666e/16Mexique
98%
201014e/16Mexique
98%
19301ère/16Mexique
98%
19788e/16Mexique
98%
19869e/16Mexique
98%
19543e/16Mexique
98%
201816e/16Mexique
98%
200613e/16Mexique
98%
199811e/16Mexique
98%
200212e/16Mexique
98%
201415e/16Mexique
98%
199410e/16Mexique
98%
19625e/16Mexique
98%
19983e/3Norvège
98%
19381ère/3Norvège
98%
19942e/3Norvège
98%
19661ère/7Portugal
98%
20023e/7Portugal
98%
20064e/7Portugal
98%
20187e/7Portugal
98%
20146e/7Portugal
98%
20105e/7Portugal
98%
19862e/7Portugal
98%
20022e/4Russie
98%
20143e/4Russie
98%
19941ère/4Russie
98%
20184e/4Russie
98%
19705e/12Suède
98%
19949e/12Suède
98%
19787e/12Suède
98%
19503e/12Suède
98%
201812e/12Suède
98%
19908e/12Suède
98%
200611e/12Suède
98%
200210e/12Suède
98%
19341ère/12Suède
98%
19746e/12Suède
98%
19584e/12Suède
98%
19382e/12Suède
98%
201011e/13Uruguay
98%
19868e/13Uruguay
98%
201412e/13Uruguay
98%
19909e/13Uruguay
98%
200210e/13Uruguay
98%
201813e/13Uruguay
98%
19747e/13Uruguay
98%
19301ère/13Uruguay
98%
19665e/13Uruguay
98%
19706e/13Uruguay
98%
19624e/13Uruguay
98%
19543e/13Uruguay
98%
19502e/13Uruguay
98%
20103e/4Algérie
97%
19862e/4Algérie
97%
20144e/4Algérie
97%
19821ère/4Algérie
97%
20103e/5Australie
97%
20185e/5Australie
97%
20062e/5Australie
97%
19741ère/5Australie
97%
20144e/5Australie
97%
19908e/13Belgique
97%
19301ère/13Belgique
97%
19949e/13Belgique
97%
201813e/13Belgique
97%
201412e/13Belgique
97%
19705e/13Belgique
97%
19867e/13Belgique
97%
19342e/13Belgique
97%
200211e/13Belgique
97%
19383e/13Belgique
97%
19544e/13Belgique
97%
19826e/13Belgique
97%
199810e/13Belgique
97%
19701ère/5Maroc
97%
19943e/5Maroc
97%
20185e/5Maroc
97%
19984e/5Maroc
97%
19862e/5Maroc
97%
201410e/11Suisse
97%
20109e/11Suisse
97%
19625e/11Suisse
97%
201811e/11Suisse
97%
19666e/11Suisse
97%
20068e/11Suisse
97%
19382e/11Suisse
97%
19503e/11Suisse
97%
19341ère/11Suisse
97%
19544e/11Suisse
97%
19947e/11Suisse
97%
19981ère/3Afrique du Sud
96%
20103e/3Afrique du Sud
96%
20022e/3Afrique du Sud
96%
20149e/9Chili
95%
19745e/9Chili
95%
19301ère/9Chili
95%
19502e/9Chili
95%
19664e/9Chili
95%
19987e/9Chili
95%
20108e/9Chili
95%
19623e/9Chili
95%
19826e/9Chili
95%
19941ère/3Grèce
95%
20102e/3Grèce
95%
20143e/3Grèce
95%
19981ère/6Japon
95%
20022e/6Japon
95%
20186e/6Japon
95%
20145e/6Japon
95%
20063e/6Japon
95%
20104e/6Japon
95%
20026e/8Pologne
95%
20067e/8Pologne
95%
19783e/8Pologne
95%
19824e/8Pologne
95%
19742e/8Pologne
95%
20188e/8Pologne
95%
19381ère/8Pologne
95%
19865e/8Pologne
95%
19861ère/1Canada
94%
19621ère/6Colombie
94%
19943e/6Colombie
94%
20186e/6Colombie
94%
19902e/6Colombie
94%
20145e/6Colombie
94%
19984e/6Colombie
94%
201810e/10Corée du Sud
94%
20149e/10Corée du Sud
94%
19541ère/10Corée du Sud
94%
19903e/10Corée du Sud
94%
19985e/10Corée du Sud
94%
19862e/10Corée du Sud
94%
20108e/10Corée du Sud
94%
20067e/10Corée du Sud
94%
19944e/10Corée du Sud
94%
20026e/10Corée du Sud
94%
20063e/5Croatie
94%
19981ère/5Croatie
94%
20185e/5Croatie
94%
20144e/5Croatie
94%
20022e/5Croatie
94%
20023e/5Danemark
94%
19861ère/5Danemark
94%
19982e/5Danemark
94%
20104e/5Danemark
94%
20185e/5Danemark
94%
19901ère/3Irlande
94%
19942e/3Irlande
94%
20023e/3Irlande
94%
19905e/10Pays-Bas
94%
19743e/10Pays-Bas
94%
19987e/10Pays-Bas
94%
19341ère/10Pays-Bas
94%
201410e/10Pays-Bas
94%
19784e/10Pays-Bas
94%
20109e/10Pays-Bas
94%
19382e/10Pays-Bas
94%
20068e/10Pays-Bas
94%
19946e/10Pays-Bas
94%
20185e/5Pérou
94%
19783e/5Pérou
94%
19702e/5Pérou
94%
19301ère/5Pérou
94%
19824e/5Pérou
94%
20021ère/2Sénégal
94%
20182e/2Sénégal
94%
19902e/3Egypte
93%
19341ère/3Egypte
93%
20183e/3Egypte
93%
20026e/8Paraguay
92%
20067e/8Paraguay
92%
19502e/8Paraguay
92%
19583e/8Paraguay
92%
19985e/8Paraguay
92%
19301ère/8Paraguay
92%
19864e/8Paraguay
92%
20108e/8Paraguay
92%
19383e/7Roumanie
92%
19987e/7Roumanie
92%
19342e/7Roumanie
92%
19946e/7Roumanie
92%
19704e/7Roumanie
92%
19905e/7Roumanie
92%
19301ère/7Roumanie
92%
20023e/5Tunisie
92%
19781ère/5Tunisie
92%
20185e/5Tunisie
92%
20064e/5Tunisie
92%
19982e/5Tunisie
92%
19825e/7Autriche
91%
19341ère/7Autriche
91%
19906e/7Autriche
91%
19542e/7Autriche
91%
19784e/7Autriche
91%
19987e/7Autriche
91%
19583e/7Autriche
91%
19301ère/3Bolivie
91%
19502e/3Bolivie
91%
19943e/3Bolivie
91%
20147e/7Cameroun
91%
20025e/7Cameroun
91%
19821ère/7Cameroun
91%
20106e/7Cameroun
91%
19984e/7Cameroun
91%
19902e/7Cameroun
91%
19943e/7Cameroun
91%
20021ère/1Chine
91%
20185e/5Iran
91%
20144e/5Iran
91%
19982e/5Iran
91%
19781ère/5Iran
91%
20063e/5Iran
91%
19821ère/2Nouvelle-Zélande
91%
20102e/2Nouvelle-Zélande
91%
20101ère/2Serbie
91%
20182e/2Serbie
91%
20061ère/1Serbie-et-Monténégro
91%
20185e/5Arabie saoudite
90%
20023e/5Arabie saoudite
90%
19941ère/5Arabie saoudite
90%
20064e/5Arabie saoudite
90%
19982e/5Arabie saoudite
90%
19865e/7Bulgarie
90%
19703e/7Bulgarie
90%
19946e/7Bulgarie
90%
19662e/7Bulgarie
90%
19621ère/7Bulgarie
90%
19987e/7Bulgarie
90%
19744e/7Bulgarie
90%
20144e/5Costa Rica
90%
20185e/5Costa Rica
90%
20022e/5Costa Rica
90%
19901ère/5Costa Rica
90%
20063e/5Costa Rica
90%
20061ère/3Côte d'Ivoire
90%
20102e/3Côte d'Ivoire
90%
20143e/3Côte d'Ivoire
90%
19821ère/3Honduras
90%
20143e/3Honduras
90%
20102e/3Honduras
90%
19869e/9Hongrie
90%
19787e/9Hongrie
90%
19828e/9Hongrie
90%
19625e/9Hongrie
90%
19382e/9Hongrie
90%
19584e/9Hongrie
90%
19341ère/9Hongrie
90%
19543e/9Hongrie
90%
19666e/9Hongrie
90%
20186e/6Nigeria
90%
20145e/6Nigeria
90%
20023e/6Nigeria
90%
20104e/6Nigeria
90%
19941ère/6Nigeria
90%
19982e/6Nigeria
90%
20101ère/1Slovaquie
90%
20061ère/1Ukraine
90%
20102e/2Slovénie
89%
20021ère/2Slovénie
89%
20021ère/3Equateur
88%
20143e/3Equateur
88%
20062e/3Equateur
88%
20143e/3Ghana
88%
20061ère/3Ghana
88%
20102e/3Ghana
88%
19301ère/9Yougoslavie
88%
19584e/9Yougoslavie
88%
19625e/9Yougoslavie
88%
19989e/9Yougoslavie
88%
19827e/9Yougoslavie
88%
19502e/9Yougoslavie
88%
19908e/9Yougoslavie
88%
19543e/9Yougoslavie
88%
19746e/9Yougoslavie
88%
19988e/8Ecosse
87%
19743e/8Ecosse
87%
19907e/8Ecosse
87%
19582e/8Ecosse
87%
19825e/8Ecosse
87%
19784e/8Ecosse
87%
19541ère/8Ecosse
87%
19866e/8Ecosse
87%
20181ère/1Islande
87%
20181ère/1Panama
87%
20022e/2Turquie
87%
19541ère/2Turquie
87%
19866e/7URSS
86%
19907e/7URSS
86%
19704e/7URSS
86%
19825e/7URSS
86%
19663e/7URSS
86%
19581ère/7URSS
86%
19622e/7URSS
86%
19661ère/2Corée du Nord
85%
20102e/2Corée du Nord
85%
19581ère/1Pays de Galles
84%
20141ère/1Bosnie-Herzégovine
83%
20061ère/1République tchèque
83%
19822e/3Irlande du Nord
81%
19863e/3Irlande du Nord
81%
19581ère/3Irlande du Nord
81%
19981ère/1Jamaïque
81%
19584e/8Tchécoslovaquie
80%
19625e/8Tchécoslovaquie
80%
19827e/8Tchécoslovaquie
80%
19382e/8Tchécoslovaquie
80%
19543e/8Tchécoslovaquie
80%
19706e/8Tchécoslovaquie
80%
19908e/8Tchécoslovaquie
80%
19341ère/8Tchécoslovaquie
80%
19381ère/1Cuba
78%
19861ère/1Irak
78%
20061ère/1Togo
76%
20061ère/1Angola
73%
19701ère/1Israël
71%
19741ère/1Allemagne de l'Est
70%
19821ère/1Koweït
70%
19741ère/1Haïti
69%
19901ère/1Emirats Arabes Unis
67%
19381ère/1Indes orientales néerlandaises
65%
19701ère/2Salvador
65%
19822e/2Salvador
65%
19741ère/1Zaïre
60%
20061ère/1Trinité-et-Tobago
53%

Distribution des résultats

Percentile par nombre de réponses

% des personnes avec chaque résultat

Votre développement - résultats

Vous n’avez pas pris ce quiz